000 02101nam1a22003371 4500
001 RU\NLR\A2\4783
005 20251214183047.0
035 _a(NLR Aleph) 009858303
090 _a10374581
_c10374581
100 _a20251214 rusy50
101 0 _ager
102 _aRU
200 1 _aD. Johann Anton Güldenstädt Russisch-Kayserl. Akademikers und Professors der Naturgeschichte auch der Churfürstl. Maynzischen und der Berlin, Naturforschenden, wie auch der St. Petersburgischen ökonomischen Gesellschaft Mitgliedes, Reisen durch Russland und im Caucasischen Gebürge
_fAuf Befehl der Russisch-Kayserlichen Akademie der Wissenschafften herausgegeben von P.S. Pallas ...
210 _aSt. Petersburg [St.- Peterburg]
_cBey der Kayserl. Akademie der Wissenschaften
_d1787-1791
215 _d
321 1 _aСК XVIII(ин.) 1201
463 0 _1001RU\NLR\A2\4784
_913487920
_d1787
_pXXIV, 511 с., [14] л. ил., карт
_tD. Johann Anton Güldenstädt Russisch-Kayserl. Akademikers und Professors der Naturgeschichte auch der Churfürstl. Maynzischen und der Berlin, Naturforschenden, wie auch der St. Petersburgischen ökonomischen Gesellschaft Mitgliedes, Reisen durch Russland und im Caucasischen Gebürge. - [Th.1]
463 0 _1001RU\NLR\A2\4785
_913487921
_d1791
_p[2], 552 с., [14] л. ил.
_tD. Johann Anton Güldenstädt Russisch-Kayserl. Akademikers und Professors der Naturgeschichte auch der Churfürstl. Maynzischen und der Berlin, Naturforschenden, wie auch der St. Petersburgischen ökonomischen Gesellschaft Mitgliedes, Reisen durch Russland und im Caucasischen Gebürge. - Th.2
517 1 _aReisen durch Russland und im Caucasischen Gebürge ...
620 _dSt.- Peterburg
700 1 _aGüldenstädt
_bJ.A.
_f1745-1781
_gJohann Anton
_4070
702 1 _aPallas
_bP.S.
_f1741-1811
_gPeter Simon
_4340
712 0 2 _aAkademie der Wissenschaften
_cPetersburg
_bDruckerei
_4610
801 0 _aRU
_bNLR
_c19970228
852 _aNLR
_bRossica
_j13.3.4.84
852 _aNLR
_bRossica
_j13.6.3.42
942 _cBOOK
980 _aNB
980 _aRossica
980 _ain18